[Event "Calvia op 4th"]
[Site "Calvia"]
[Date "2007.10.21"]
[Round "7"]
[White "Bhuiyan, Abul Kashem"]
[Black "Karlsson, Lars"]
[Result "0-1"]
[WhiteElo "1890"]
[BlackElo "2485"]
[PlyCount "80"]
[EventDate "2007.10.15"]
[EventType "swiss"]
[EventRounds "9"]
[EventCountry "ESP"]
[SourceTitle "CBM 120 Extra"]
[Source "ChessBase"]
[SourceDate "2007.11.01"]
[SourceVersion "1"]
[SourceVersionDate "2007.11.01"]
[SourceQuality "1"]

1. e4 c5 2. Nf3 Nc6 3. d4 cxd4 4. Nxd4 Nf6 5. Nc3 d6 6. f4 g6 7. Be2 Bg7 8. Nb3 0-0 9. 0-0 b5 10. Bf3 Bb7 11. Be3 Nd7 12. Qd2 Nb6 13. Be2 b4 14. Nd1 Qc7 15. Rc1 Na4 16. Rb1 Rfd8 17. Kh1 Nc5 18. Bf3 Na5 19. Qxb4 Naxb3 20. cxb3 a5 21. Qe1 Bxe4 22. Bxe4 Nxe4 23. Rc1 Qb7 24. Nc3 e6 25. Qe2 Nxc3 26. bxc3 d5 27. Qd3 a4 28. b4 Rac8 29. Bc5 Bf8 30. Bd4 Rc4 31. a3 Rdc8 32. h4 Bg7 33. Rcd1 Qc7 34. Qe2 Bxd4 35. cxd4 Rc3 36. Rd3 Rxd3 37. Qxd3 Qc2 38. Qd1 Qxd1 39. Rxd1 Rc3 40. Ra1 Kf8 0-1

[Event "Calvia op 4th"]
[Site "Calvia"]
[Date "2007.10.19"]
[Round "5"]
[White "Bhuiyan, Abul Kashem"]
[Black "Navarro Cazorla, Juan"]
[Result "1-0"]
[WhiteElo "1890"]
[BlackElo "2030"]
[PlyCount "141"]
[EventDate "2007.10.15"]
[EventType "swiss"]
[EventRounds "9"]
[EventCountry "ESP"]
[SourceTitle "CBM 120 Extra"]
[Source "ChessBase"]
[SourceDate "2007.11.01"]
[SourceVersion "1"]
[SourceVersionDate "2007.11.01"]
[SourceQuality "1"]

1. e4 e6 2. d4 d5 3. Nc3 Bb4 4. e5 c5 5. Bd2 Nh6 6. a3 Bxc3 7. Bxc3 cxd4 8. Bxd4 Nc6 9. Nf3 Nf5 10. c3 0-0 11. Bd3 Nfxd4 12. cxd4 f6 13. exf6 Qxf6 14. 0-0 Bd7 15. Qd2 Be8 16. Rae1 Bg6 17. Bb5 Be4 18. Bxc6 Bxf3 19. Bd7 Bg4 20. f3 Bf5 21. g4 Rad8 22. gxf5 Rxd7 23. fxe6 Re7 24. Qe3 Rfe8 25. Qe5 Qxe6 26. Qxe6+ Rxe6 27. Rxe6 Rxe6 28. Rc1 Re7 29. Rc5 Rd7 30. Kf2 Kf7 31. Ke3 g5 32. b4 b6 33. Rc6 Re7+ 34. Kf2 Re6 35. Rc8 Re7 36. Rc6 Rd7 37. Kg3 Re7 38. Rd6 Re3 39. Rxd5 Rxa3 40. Rxg5 Rb3 41. b5 Rd3 42. Rh5 Kg6 43. Rd5 h5 44. h4 Ra3 45. Kf4 Ra5 46. Ke5 Ra3 47. Rd6+ Kf7 48. f4 Rh3 49. Rd7+ Kg6 50. f5+ Kh6 51. Rd6+ Kg7 52. Rd7+ Kh6 53. Rxa7 Rxh4 54. Rb7 Kg5 55. Rxb6 Rh1 56. Rg6+ Kh4 57. b6 Rb1 58. d5 Kh3 59. f6 Rxb6 60. f7 Rxg6 61. f8Q h4 62. Qf5+ Rg4 63. d6 Kg3 64. Qxg4+ Kxg4 65. d7 h3 66. d8Q Kg3 67. Qg5+ Kf2 68. Qh4+ Kg2 69. Qg4+ Kh2 70. Kf4 Kh1 71. Kf3 1-0

[Event "Calvia op 4th"]
[Site "Calvia"]
[Date "2007.10.18"]
[Round "4"]
[White "Bondielli, Giorgio"]
[Black "Bhuiyan, Abul Kashem"]
[Result "0-1"]
[WhiteElo "1944"]
[BlackElo "1890"]
[PlyCount "64"]
[EventDate "2007.10.15"]
[EventType "swiss"]
[EventRounds "9"]
[EventCountry "ESP"]
[SourceTitle "CBM 120 Extra"]
[Source "ChessBase"]
[SourceDate "2007.11.01"]
[SourceVersion "1"]
[SourceVersionDate "2007.11.01"]
[SourceQuality "1"]

1. e4 c5 2. d4 cxd4 3. c3 d5 4. exd5 Qxd5 5. Nf3 Nf6 6. cxd4 Nc6 7. Nc3 Qd6 8. Be2 e6 9. 0-0 Be7 10. Nb5 Qb8 11. Bg5 Nb4 12. Qb3 a6 13. Nc3 Qd6 14. Na4 0-0 15. Nc5 Nbd5 16. Ne5 b6 17. Bxf6 Nxf6 18. Ncd3 Bb7 19. Rfd1 Qxd4 20. Nf3 Qd6 21. Nde5 Nd5 22. Nc4 Qb4 23. Qxb4 Bxb4 24. a3 Bc5 25. Rac1 a5 26. Ng5 Nf4 27. Bf1 h6 28. Nh3 Nxh3+ 29. gxh3 Rfd8 30. Bg2 Bxg2 31. Kxg2 a4 32. Ne5 Bd4 0-1

[Event "Calvia op 4th"]
[Site "Calvia"]
[Date "2007.10.16"]
[Round "2"]
[White "Haugstad, Espen"]
[Black "Bhuiyan, Abul Kashem"]
[Result "1/2-1/2"]
[WhiteElo "2025"]
[BlackElo "1890"]
[PlyCount "150"]
[EventDate "2007.10.15"]
[EventType "swiss"]
[EventRounds "9"]
[EventCountry "ESP"]
[SourceTitle "CBM 120 Extra"]
[Source "ChessBase"]
[SourceDate "2007.11.01"]
[SourceVersion "1"]
[SourceVersionDate "2007.11.01"]
[SourceQuality "1"]

1. e4 Nc6 2. d4 e5 3. d5 Nce7 4. c4 Ng6 5. Nf3 Nf6 6. Qc2 Bb4+ 7. Nbd2 a5 8. a3 Bxd2+ 9. Bxd2 d6 10. g3 0-0 11. Be2 a4 12. 0-0 b6 13. Bg5 Bh3 14. Rfb1 Qd7 15. Bxf6 gxf6 16. Bd3 h5 17. Kh1 Kg7 18. Ng1 h4 19. Nxh3 Qxh3 20. Bf1 Qd7 21. Qe2 Rh8 22. b4 axb3 23. Rxb3 hxg3 24. fxg3 f5 25. exf5 Qxf5 26. Rf3 Qg5 27. Qf2 Raf8 28. Rf5 Qg4 29. Bd3 Ne7 30. Rf6 Ng8 31. Rf3 Qh5 32. Rf5 Qg4 33. Rf1 Nh6 34. Rf6 Qh5 35. Bg6 Qg5 36. h4 Qg4 37. Bxf7 Qe4+ 38. Kg1 Ng4 39. Qf5 Qe3+ 40. Kg2 Qe2+ 41. Kh3 Qxf1+ 42. Qxf1 Nxf6 43. Be6 Nxd5 44. Qg2 Nf6 45. Qb7 Ne8 46. Qc6 Rh7 47. g4 Kh8 48. g5 Ng7 49. Bg4 Nf5 50. h5 Re7 51. Qe4 Ref7 52. h6 Kh7 53. Bh5 Re7 54. Be2 Kh8 55. Bd3 d5 56. cxd5 Nd6 57. Qg6 e4 58. Be2 Ref7 59. Bg4 Rg8 60. Qh5 Rf1 61. Kg2 Rgf8 62. g6 R8f2+ 63. Kg3 Nf5+ 64. Bxf5 Rf3+ 65. Kg2 R3f2+ 66. Kg3 Rxf5 67. g7+ Kh7 68. Qe8 R1f3+ 69. Kg2 Rf2+ 70. Kg1 Rf1+ 71. Kg2 R5f2+ 72. Kg3 Rf3+ 73. Kg4 Rg1+ 74. Kh4 Rh1+ 75. Kg5 Rg1+ 1/2-1/2

[Event "Saint Quentin op 6th"]
[Site "Elancourt"]
[Date "2003.04.19"]
[Round "9"]
[White "Verat, Laurent"]
[Black "Bhuiyan, Abul Kashem"]
[Result "1-0"]
[WhiteElo "2357"]
[BlackElo "2085"]
[PlyCount "45"]
[EventDate "2003.04.12"]
[EventType "swiss"]
[EventRounds "9"]
[EventCountry "FRA"]
[SourceTitle "CBM 093 Extra"]
[Source "ChessBase"]
[SourceDate "2003.05.09"]
[SourceVersion "1"]
[SourceVersionDate "2003.05.09"]
[SourceQuality "1"]

1. d4 Nf6 2. c4 c5 3. d5 g6 4. Nc3 Bg7 5. Nf3 d6 6. h3 0-0 7. e4 b5 8. cxb5 a6 9. bxa6 Bxa6 10. Bxa6 Nxa6 11. 0-0 Rb8 12. Qe2 Qc8 13. Bf4 Rxb2 14. Qxb2 Nxe4 15. Bd2 Qf5 16. Rfe1 Rb8 17. Qc1 Nb4 18. Nxe4 Nd3 19. Rb1 Bb2 20. Qc2 Qxd5 21. Re3 c4 22. Bc3 Qb7 23. Rxd3 1-0

[Event "Saint Quentin op 6th"]
[Site "Elancourt"]
[Date "2003.04.18"]
[Round "8"]
[White "Bhuiyan, Abul Kashem"]
[Black "L'Henoret, Thierry"]
[Result "1/2-1/2"]
[WhiteElo "2085"]
[BlackElo "2122"]
[PlyCount "104"]
[EventDate "2003.04.12"]
[EventType "swiss"]
[EventRounds "9"]
[EventCountry "FRA"]
[SourceTitle "CBM 093 Extra"]
[Source "ChessBase"]
[SourceDate "2003.05.09"]
[SourceVersion "1"]
[SourceVersionDate "2003.05.09"]
[SourceQuality "1"]

1. e4 c5 2. Nf3 a6 3. d4 cxd4 4. Nxd4 Nf6 5. Bd3 e5 6. Nb3 d5 7. Nc3 Bb4 8. exd5 Nxd5 9. Bd2 Nxc3 10. bxc3 Be7 11. 0-0 Nd7 12. Re1 Qc7 13. f4 0-0 14. fxe5 Nxe5 15. Bxh7+ Kxh7 16. Qh5+ Kg8 17. Qxe5 Bd6 18. Qh5 g6 19. Qh4 Be6 20. Bg5 Be5 21. Rxe5 Qxe5 22. Re1 Qh8 23. Qf2 Bxb3 24. Bf6 Qh5 25. Re6 Qd1+ 26. Re1 Qh5 27. cxb3 Rfe8 28. Rf1 Re2 29. Qf4 Rae8 30. Bd4 f5 31. h3 R2e4 32. Qd6 R4e6 33. Qd5 Qh7 34. Rf4 Qf7 35. Kh2 Re4 36. Qd6 Qe6 37. Qc7 Qe7 38. Qc4+ Qf7 39. Qf1 Qc7 40. g3 Re1 41. Qg2 Qc6 42. Qxc6 bxc6 43. g4 R8e4 44. Rf3 fxg4 45. hxg4 Rxg4 46. Rf6 Re7 47. Kh3 Rg5 48. Kh4 Rg2 49. Kh3 Rg5 50. Kh4 Rg2 51. Kh3 Rg5 52. Kh4 Rg2 1/2-1/2

[Event "Saint Quentin op 6th"]
[Site "Elancourt"]
[Date "2003.04.16"]
[Round "6"]
[White "Schnitzer, Peter"]
[Black "Bhuiyan, Abul Kashem"]
[Result "1-0"]
[WhiteElo "2208"]
[BlackElo "2085"]
[PlyCount "57"]
[EventDate "2003.04.12"]
[EventType "swiss"]
[EventRounds "9"]
[EventCountry "FRA"]
[SourceTitle "CBM 093 Extra"]
[Source "ChessBase"]
[SourceDate "2003.05.09"]
[SourceVersion "1"]
[SourceVersionDate "2003.05.09"]
[SourceQuality "1"]

1. e4 g6 2. d4 Bg7 3. Nc3 c6 4. f4 Qb6 5. Nf3 d5 6. Be2 dxe4 7. Nxe4 Nf6 8. Nxf6+ Bxf6 9. 0-0 Be6 10. Kh1 Na6 11. c3 0-0 12. Ng5 Bd7 13. Bc4 Rad8 14. Qe1 Kg7 15. Ne4 Nc7 16. f5 Nd5 17. Nxf6 exf6 18. Qh4 g5 19. Bxg5 fxg5 20. f6+ Kh8 21. Qh6 Rg8 22. Bd3 Nxf6 23. Rxf6 Rg7 24. Raf1 Kg8 25. Qh5 Be6 26. Rh6 Bxa2 27. Rxh7 Rxh7 28. Qxh7+ Kf8 29. c4 1-0

[Event "Noisy le Grand op"]
[Site "Noisy le Grand"]
[Date "2003.??.??"]
[Round "5"]
[White "Iasoni, Robert"]
[Black "Bhuiyan, Abul Kashem"]
[Result "0-1"]
[WhiteElo "2126"]
[BlackElo "2085"]
[PlyCount "72"]
[EventDate "2003.05.??"]
[EventType "swiss"]
[EventRounds "7"]
[EventCountry "FRA"]
[SourceTitle "EXT 2005"]
[Source "ChessBase"]
[SourceDate "2004.11.15"]
[SourceVersion "1"]
[SourceVersionDate "2004.11.15"]
[SourceQuality "1"]

1. d4 Nf6 2. Nf3 g6 3. g3 Bg7 4. Bg2 0-0 5. 0-0 d6 6. c4 Nbd7 7. Qc2 c6 8. Rd1 Qc7 9. e4 e5 10. dxe5 dxe5 11. h3 Re8 12. b3 Nc5 13. Nc3 a5 14. Be3 Bf8 15. a3 Be6 16. Ng5 h6 17. Nxe6 Nxe6 18. Na4 Nd7 19. Rxd7 Qxd7 20. Nb6 Nd4 21. Qb2 Qd6 22. Nxa8 Rxa8 23. Kh1 Rd8 24. g4 g5 25. Kh2 Ra8 26. Kh1 Ra6 27. Rd1 Rb6 28. Bxd4 exd4 29. Rxd4 Rxb3 30. Qxb3 Qxd4 31. Kg1 Bc5 32. Qa2 a4 33. Qc2 Qa1+ 34. Bf1 Qxa3 35. e5 Qg3+ 36. Bg2 Qxf2+ 0-1